Seasonal Customs of Korea / (Record no. 27108)

MARC details
000 -LEADER
campo de control de longitud fija 01019cam a22003133a 4500
001 - NÚMERO DE CONTROL
campo de control 49997
005 - FECHA Y HORA DE LA ÚLTIMA TRANSACCIÓN
campo de control 20230410103843.0
008 - DATOS DE LONGITUD FIJA--INFORMACIÓN GENERAL
campo de control de longitud fija 070630s2007 xx 000 0 eng d
035 ## - NÚMERO DE CONTROL DEL SISTEMA
Número de control de sistema (OCoLC)ocn156823479
040 ## - FUENTE DE CATALOGACIÓN
Centro catalogador/agencia de origen BTCTA
Centro/agencia transcriptor BTCTA
Centro/agencia modificador BAKER
-- HKP
020 ## - NÚMERO INTERNACIONAL ESTÁNDAR DEL LIBRO
Número Internacional Estándar del Libro 9781565912458
020 ## - NÚMERO INTERNACIONAL ESTÁNDAR DEL LIBRO
Número Internacional Estándar del Libro 1565912454
035 ## - NÚMERO DE CONTROL DEL SISTEMA
Número de control de sistema (OCoLC)156823479
050 14 - SIGNATURA TOPOGRÁFICA DE LA BIBLIOTECA DEL CONGRESO
Número de clasificación 409 DS 904
Número de ítem S525s 2007
049 ## - FONDOS LOCALES (OCLC)
Biblioteca depositaria GRAL
100 1# - ENTRADA PRINCIPAL--NOMBRE DE PERSONA
Nombre de persona Shaffer, David E.
245 10 - MENCIÓN DEL TÍTULO
Título Seasonal Customs of Korea /
Mención de responsabilidad, etc. by David E. Shaffer.
260 ## - PUBLICACIÓN, DISTRIBUCIÓN, ETC.
Lugar de publicación, distribución, etc. Elizabeth, N.J. ;
-- Seoul :
Nombre del editor, distribuidor, etc. Hollym,
Fecha de publicación, distribución, etc. 2007.
300 ## - DESCRIPCIÓN FÍSICA
Extensión 207 p. :
Otras características físicas ill. ;
Dimensiones 25 cm.
490 1# - MENCIÓN DE SERIE
Mención de serie Korean culture series ;
Designación de volumen o secuencia 7
504 ## - NOTA DE BIBLIOGRAFÍA, ETC.
Nota de bibliografía, etc. Includes bibliographical references (p. 195) and index.
651 #0 - PUNTO DE ACCESO ADICIONAL DE MATERIA--NOMBRE GEOGRÁFICO
Nombre geográfico Korea
Subdivisión general Social life and customs.
830 #0 - PUNTO DE ACCESO ADICIONAL DE SERIE-TÍTULO UNIFORME
Título uniforme Korean culture series (Elizabeth, N.J.) ;
Designación de volumen o secuencia 7.
938 ## -
-- Baker and Taylor
-- BTCP
-- BK0007335119
938 ## -
-- Baker & Taylor
-- BKTY
-- 34.50
-- 39.45
-- 1565912454
-- 0007335119
-- active
942 ## - ELEMENTOS DE ENTRADA SECUNDARIOS (KOHA)
Fuente del sistema de clasificación o colocación Clasificación de Library of Congress
Tipo de ítem Koha
994 ## -
-- C0
-- DRFGD
946 ## - PROCESAMIENTO DE INFORMACIÓN LOCAL (OCLC)
a Lspaulino
Holdings
Estatus retirado Estado de pérdida Fuente del sistema de clasificación o colocación Estado de daño No para préstamo Colección Biblioteca de origen Biblioteca actual Ubicación en estantería Fecha de adquisición Serial enumeration / chronology Signatura topográfica completa Código de barras Visto por última vez Copia número Tipo de ítem Koha
    Clasificación de Library of Congress     Recursos Regionales Biblioteca Juan Bosch Biblioteca Juan Bosch Recursos Regionales (2do. Piso) 10/04/2023 1 409 DS 904 S525s 2007 00000050685 23/10/2018 1